LEADER 00837nam0 2200277 450 001 000008037 005 20070702153058.0 010 $a88-15-07871-1 010 $a88-15-09612-4 100 $a20070702d2001----km-y0itay50------ba 101 0 $aita 102 $aIT 105 $ay-------001yy 200 1 $a<>creazione delle identitą nazionali in Europa$fAnne-Marie Thiesse 210 $aBologna$cIl mulino$d2001 215 $a295 p.$d22 cm 225 2 $aIncontri$v22 410 0$12001$aIncontri$v22 610 1 $aNazionalismo - Europa - Sec. 18.-20. 676 $a320.54094$v19 700 1$aThiesse,$bAnne Marie$0258472 801 0$aIT$bUNIPARTHENOPE$c20070702$gRICA$2UNIMARC 912 $a000008037 951 $aH0025$b034323$cNAVA3$d2007 996 $aCreazione delle identitą nazionali in Europa$9509140 997 $aUNIPARTHENOPE LEADER 01033nam2 22002773i 450 001 CAG0068379 005 20231121125420.0 010 $a0198651120 100 $a20030616d1917 ||||0itac50 ba 101 | $aeng 102 $agb 181 1$6z01$ai $bxxxe 182 1$6z01$an 200 0 $a10: Howard-Kenneth 210 $aLondon$cOxford university press$d1917 215 $a1343 p.$d24 cm. 461 1$1001MIL0168610$12001 $a˜The œdictionary of national biography$ffounded in 1882 by George Smith$gedited by Leslie Stephen and Sidney Lee$v10 801 3$aIT$bIT-01$c20030616 850 $aIT-RM0289 $aIT-FR0017 899 $aBiblioteca Statale A. Baldini$bRM0289 899 $aBiblioteca umanistica Giorgio Aprea$bFR0017 $eN 912 $aCAG0068379 950 2$aBiblioteca umanistica Giorgio Aprea$d 52S.L. 920.04 DNB.Smi.10$e 52SBA0000060855 VMB RS $fC $h20160610$i20160610 977 $a 04$a 52 996 $a10: Howard-Kenneth$91709543 997 $aUNICAS